Camping (Record no. 368)

MARC details
000 -LEADER
fixed length control field 00501nam a22001937a 4500
005 - DATE AND TIME OF LATEST TRANSACTION
control field 20230608084217.0
008 - FIXED-LENGTH DATA ELEMENTS--GENERAL INFORMATION
fixed length control field 230608b |||||||| |||| 00| 0 eng d
020 ## - INTERNATIONAL STANDARD BOOK NUMBER
International Standard Book Number 9780198484691
040 ## - CATALOGING SOURCE
Original cataloging agency KMU
Transcribing agency KMU
Modifying agency KMU
Description conventions rda
050 ## - LIBRARY OF CONGRESS CALL NUMBER
Classification number PS 648.C35
100 ## - MAIN ENTRY--PERSONAL NAME
Personal name Milford,Alison
245 ## - TITLE STATEMENT
Title Camping
Remainder of title /
Statement of responsibility, etc. Alison Milford
260 ## - PUBLICATION, DISTRIBUTION, ETC.
Place of publication, distribution, etc. Oxford:
Name of publisher, distributor, etc. Oxford Universiy Press,
Date of publication, distribution, etc. 2011
300 ## - PHYSICAL DESCRIPTION
Extent 24 p.:
Other physical details ill.;
Dimensions 8cm
650 ## - SUBJECT ADDED ENTRY--TOPICAL TERM
Topical term or geographic name entry element Camping
700 ## - ADDED ENTRY--PERSONAL NAME
Personal name Hunt, Roderick
700 ## - ADDED ENTRY--PERSONAL NAME
Personal name Brychta Alex
942 ## - ADDED ENTRY ELEMENTS (KOHA)
Source of classification or shelving scheme Library of Congress Classification
Koha item type Non-Fiction
Suppress in OPAC No
Holdings
Withdrawn status Lost status Source of classification or shelving scheme Damaged status Not for loan Collection Home library Current library Shelving location Date acquired Source of acquisition Total Checkouts Full call number Barcode Date last seen Price effective from Koha item type Date last checked out
    Library of Congress Classification     Non-fiction Kapasa Makasa University Kapasa Makasa University Children's Area 08.06.2023 Zambia Library Service   PS 648.C35 Mil 300490 08.06.2023 08.06.2023 Non-Fiction  
    Library of Congress Classification     Non-fiction Kapasa Makasa University Kapasa Makasa University Children's Area 08.06.2023 Zambia Library Service 1 PS 648.C35 Mil 300491 24.11.2023 08.06.2023 Non-Fiction 07.11.2023
    Library of Congress Classification     Non-fiction Kapasa Makasa University Kapasa Makasa University Children's Area 08.06.2023 Zambia Library Service   PS 648.C35 Mil 300489 08.06.2023 08.06.2023 Non-Fiction  
    Library of Congress Classification     Non-fiction Kapasa Makasa University Kapasa Makasa University Children's Area 08.06.2023 Zambia Library Service   PS 648.C35 Mil 300488 08.06.2023 08.06.2023 Non-Fiction  
    Library of Congress Classification     Non-fiction Kapasa Makasa University Kapasa Makasa University Children's Area 08.06.2023 Zambia Library Service   PS 648.C35 Mil 300487 08.06.2023 08.06.2023 Non-Fiction  
    Library of Congress Classification     Non-fiction Kapasa Makasa University Kapasa Makasa University Children's Area 08.06.2023 Zambia Library Service 1 PS 648.C35 Mil 300486 31.07.2023 08.06.2023 Non-Fiction 17.07.2023
    Library of Congress Classification     Non-fiction Kapasa Makasa University Kapasa Makasa University Children's Area 08.06.2023 Zambia Library Service   PS 648.C35 Mil 300485 08.06.2023 08.06.2023 Non-Fiction  
    Library of Congress Classification     Non-fiction Kapasa Makasa University Kapasa Makasa University Children's Area 08.06.2023 Zambia Library Service   PS 648.C35 Mil 300484 08.06.2023 08.06.2023 Non-Fiction  
    Library of Congress Classification     Non-fiction Kapasa Makasa University Kapasa Makasa University Children's Area 08.06.2023 Zambia Library Service   PS 648.C35 Mil 300483 08.06.2023 08.06.2023 Non-Fiction  
    Library of Congress Classification     Non-fiction Kapasa Makasa University Kapasa Makasa University Children's Area 08.06.2023 Zambia Library Service 1 PS 648.C35 Mil 300482 31.07.2023 08.06.2023 Non-Fiction 17.07.2023